000 00483nam a2200145Ia 4500
008 231221s9999 xx 000 0 und d
020 _a978-3-642-16301-2
041 _aEnglish
100 _aElena Papadopoulou
245 0 _aPhotovoltaic Industrial Systems
260 _c2011
_bSpringer Berlin Heidelberg
_aNew York
440 _aGreen Energy and Technology
650 _aRenewable and Green Energy; Industrial Pollution Prevention; Innovation/Technology Management
942 _cEB
999 _c228943
_d228943